000 00858nam a2200205Ia 4500
003 IN-BaIIA
008 211028s9999 xx 000 0 eng d
020 _a4-946443-18-5
040 _cIIA Library
080 _a523.9(082.2)
_bUCH
111 _aInternational Symposium on the Yokhov Scientific Results
_cJapan
_d1993 Feb. 23-25
_922293
245 0 _aX-Ray solar physics from Yohkov
_bproceedings of the International symposium on the Yokhov Scientific results held at Japan during 23-25 February 1993
_cedited by Y. Uchida,T. Watanabe and K. Shibata
260 _aJapan
_bUniversal Academy Press
_c1994
300 _axiv, 340p.
490 _aFrontiers science series; 10
650 _aSolar physics, Sun
_921221
700 _aShibata, K., ed.
_922294
700 _aWatanabe, T., ed.
_922295
942 _cBK
999 _c12732
_d12732